Raíces del sueño : Sarmiento educador /

Nos acercamos al escritor, estadista, militar, viajero, intelectual, prócer incómodo, tan alabado como discutido. Para unos demócrata, para otros conservador, desbocado, sincero, educador y soberbio, con un ojo en la patria y el otro mirando a Europa. Domingo Faustino Sarmiento contiene en sus múlti...

Descripción completa

Guardado en:
Autor Principal: Gerson, Pablo
Autor Corporativo: Canal Encuentro.
Otros Autores: Awada, Alejandro; Conducción.
Formato: Deslizar
Publicado: Argentina, 2012
Series:Vidas de Sarmiento
Materias:
Acceso en línea:https://www.educ.ar/recursos/111508/raices-del-sueno-sarmiento-educador
Etiquetas: Agregar Etiqueta
Sin Etiquetas, Sea el primero en etiquetar este registro!
LEADER 01551ngm a22003135g 4500
001 CEM.cems023896
008 130507s2012##################0###0#####d
005 20250715132659.0
245 1 0 |a Raíces del sueño :  |b Sarmiento educador /  |c Pablo Gerson. 
260 |a Argentina,  |c 2012 
300 |a 26'. 
490 0 |a Vidas de Sarmiento 
520 |a Nos acercamos al escritor, estadista, militar, viajero, intelectual, prócer incómodo, tan alabado como discutido. Para unos demócrata, para otros conservador, desbocado, sincero, educador y soberbio, con un ojo en la patria y el otro mirando a Europa. Domingo Faustino Sarmiento contiene en sus múltiples vidas muchas de las contradicciones de su tiempo. Protagonista de aquel país en ciernes, pero también figura de lo que hoy es la Argentina, más de un siglo y medio después. Otros tiempos, otros hombres, los mismos debates y pasiones. 
538 |a Soporte: DVD - Formato: AVI - Resolución: 720 x 540 - Grabación DRD 
500 |a Consultar en ventanilla. 
100 1 |a Gerson, Pablo 
700 1 |a Awada, Alejandro; Conducción. 
710 2 |a Canal Encuentro. 
082 9 8 |/ GER 
653 |a HISTORIA 
653 |a HISTORIA ARGENTINA 
653 |a SARMIENTO 
653 |a EDUCACION 
653 |a HISTORIA DE LA EDUCACION 
653 |a LITERATURA 
653 |a LITERATURA ARGENTINA 
653 |a SERIE DE TELEVISIÓN 
856 |u https://www.educ.ar/recursos/111508/raices-del-sueno-sarmiento-educador 
859 |a CEMS  |b BIB. CEMS - Depto. Recursos Didacticos  |h 982  |i GER  |k DRD  |p 2539.15  |t Ej.1